Bien jurídico y sistema del delito: un ensayo de fundamentación dogmática
Salvato in:
| Autore principale: | |
|---|---|
| Natura: | Libro |
| Lingua: | spagnolo |
| Pubblicazione: |
San Miguel de Tucumán
Euros
2004
|
| Soggetti: | |
| Tags: |
Aggiungi Tag
Nessun Tag, puoi essere il primo ad aggiungerne!!
|
MARC
| LEADER | 00000nam a2200000 a 4500 | ||
|---|---|---|---|
| 001 | UCK3317 | ||
| 003 | CL-VaPUC | ||
| 008 | 050422e20040000AG |||||||||||||||||spa|d | ||
| 020 | |a 9974578337 | ||
| 082 | 0 | 4 | |a 345.001 |b FER |2 21 |
| 100 | 0 | |a Fernández, Gonzalo D |e author |9 491414 | |
| 245 | 1 | 0 | |a Bien jurídico y sistema del delito: un ensayo de fundamentación dogmática |
| 300 | |a 391 p | ||
| 942 | |c BK | ||
| 945 | |d 20050422 00:00:00 |a cmena | ||
| 260 | |a San Miguel de Tucumán |b Euros |c 2004 | ||
| 650 | 7 | |a DERECHO PENAL |2 CL-VaPUC |9 11 | |
| 650 | 0 | |a Teoría del derecho |9 255982 | |
| 650 | 0 | |a Bien jurídico |9 392951 | |
| 650 | 0 | |a Delitos |9 224143 | |
| 583 | |a last modification |c 20050422 00:00:00 |k Rodrigo Vera | ||
| 999 | |c 312563 |d 312561 | ||
| 952 | |0 0 |1 0 |4 0 |6 345_001000000000000_FER_2004 |7 0 |8 A |9 383054 |a BIBDER |b BIBDER |d 2019-11-21 |i 4105095 |l 1 |o 345.001 FER 2004 |p 4105095 |r 2023-10-17 |s 2023-09-26 |w 2019-11-21 |y BK |k DER | ||